000 00412 a2200133 4500
000 nam a22 7a 4500
100 _aपवार, गो.मा.
110 _aपवार, गो.मा.
245 _aमहर्षि विट्ठल रामजी शिंदे
250 _aLatest edition
260 _bRadhakrishna Prakashan
_c2022
264 _bRadhakrishna Prakashan
_c2022
942 _cBK
999 _c394018
_d394018